History Quiz

Random History or Letter Quiz

US President Surnames With No Repeating Vowels Quiz Stats

 Plays Quiz Updated Nov 21, 2017

Score 0/27 Timer 04:00
1 Play Today
US President % Correct
(George H.W.) Bush
96.1%
(George W.) Bush
96.1%
(George) Washington
91.7%
(Bill) Clinton
89.9%
(Abraham) Lincoln
86.3%
(Richard) Nixon
86%
(Jimmy) Carter
82.8%
(Gerald) Ford
82.4%
(Donald) Trump
80.7%
(Andrew) Jackson
79.2%
(Ulysses S.) Grant
77.9%
(William H.) Taft
77.1%
(Harry S.) Truman
76.8%
(James) Madison
75.7%
US President % Correct
(James K.) Polk
75.5%
(Woodrow) Wilson
73.3%
(John) Tyler
68.7%
(Benjamin) Harrison
68.4%
(William H.) Harrison
68.4%
(Zachary) Taylor
67.7%
(Martin) Van Buren
65.2%
(James) Garfield
61.9%
(William) McKinley
61.2%
(Millard) Fillmore
56.8%
(Warren G.) Harding
55.4%
(Rutherford B.) Hayes
55.4%
(Chester A.) Arthur
55.2%

You're not logged in!

Compare scores with friends on all Sporcle quizzes.
OR
Log In

Show Comments

Extras

Top Quizzes Today


Score Distribution

Your Account Isn't Verified!

In order to create a playlist on Sporcle, you need to verify the email address you used during registration. Go to your Sporcle Settings to finish the process.

Report this User

Report this user for behavior that violates our Community Guidelines.

Details: